| 000 | 00502nam a2200181 i 4500 | ||
|---|---|---|---|
| 001 | bgj | ||
| 100 | 1 | _aWAHRIG, Gerhard | |
| 245 | 1 | 0 |
_adtv-Wörterbuch der Deutschen Sprache / _cHerausgegeben von Gerhard Wahrig. |
| 260 |
_aMünchen : _bDeutscher Taschenbuch Verlag, _c1994. |
||
| 300 |
_a942, [1] S. ; _c18 cm. |
||
| 650 | 9 | _aDeutsch Wörterbuch | |
| 020 | _a3423031360 | ||
| 040 | _cBPK | ||
| 041 | 0 | _ager | |
| 920 | _a3-423-03136-0 | ||
| 942 | _cKS | ||
| 008 | s gw f |000 0 ger | ||
| 999 |
_c49569 _d49569 |
||
| 856 |
_uhttp://koha.tu.koszalin.pl/cgi-bin/koha/opac-detail.pl?biblionumber=49569 _yKatalog online BPK |
||